[Event "SVK-chT2A 2425"]
[Site "Slovakia"]
[Date "2024.11.10"]
[Round "2.6"]
[White "Veres, Alex"]
[Black "Syrovy, Ivan"]
[Result "0-1"]
[WhiteElo "1644"]
[BlackElo "1994"]
[PlyCount "98"]
[EventDate "2024.11.09"]
[EventType "team-tourn"]
[EventRounds "11"]
[EventCountry "SVK"]
[SourceTitle "CB51_2024"]
[SourceDate "2024.12.18"]
[SourceVersion "1"]
[SourceVersionDate "2024.12.18"]
[SourceQuality "1"]
[WhiteTeam "Osuske II"]
[BlackTeam "Pezinok"]
[WhiteTeamCountry "SVK"]
[BlackTeamCountry "SVK"]

1. e4 c5 2. Nf3 e6 3. d4 cxd4 4. Nxd4 Nf6 5. Nc3 Nc6 6. Ndb5 Bb4 7. Nd6+ Ke7 8. Bf4 e5 9. Nf5+ Kf8 10. Bd2 Bxc3 11. Bxc3 Nxe4 12. Bc4 Qf6 13. Qf3 Nxc3 14. bxc3 d5 15. Bxd5 Bxf5 16. 0-0-0 Rc8 17. Qe3 Qh6 18. Qxh6 gxh6 19. Bb3 Rd8 20. Rhe1 Rxd1+ 21. Rxd1 Ke7 22. Re1 f6 23. f4 Rd8 24. Ba4 Rd5 25. Bb3 Rc5 26. Kd2 Na5 27. fxe5 Nxb3+ 28. cxb3 Rxe5 29. Re3 Rxe3 30. Kxe3 Kd6 31. Kd4 h5 32. b4 Bd7 33. b5 b6 34. a3 h4 35. a4 Be6 36. g3 hxg3 37. hxg3 f5 38. a5 bxa5 39. c4 Kc7 40. c5 a4 41. Kc3 a3 42. Kb4 a2 43. Kc3 a1Q+ 44. Kb4 Qd4+ 45. Ka3 Qc3+ 46. Ka4 Bb3+ 47. Ka3 Bc2+ 48. Ka2 Qb3+ 49. Ka1 Qb1# 0-1

[Event "SVK-chT2A 1415"]
[Site "Slovakia"]
[Date "2015.02.01"]
[Round "7.7"]
[White "Vrtiakova, Anna"]
[Black "Syrovy, Ivan"]
[Result "1-0"]
[WhiteElo "1966"]
[BlackElo "2017"]
[PlyCount "115"]
[EventDate "2014.10.11"]
[EventType "team-tourn"]
[EventRounds "11"]
[EventCountry "SVK"]
[SourceTitle "EXT 2016"]
[Source "ChessBase"]
[SourceDate "2015.10.08"]
[SourceVersion "1"]
[SourceVersionDate "2015.10.08"]
[SourceQuality "1"]
[WhiteTeam "Bratislava KSN"]
[BlackTeam "Pezinok"]
[WhiteTeamCountry "SVK"]
[BlackTeamCountry "SVK"]

1. e4 c5 2. Nf3 g6 3. d4 cxd4 4. Nxd4 Bg7 5. c4 Nc6 6. Be3 Nf6 7. Nc3 0-0 8. Be2 d6 9. 0-0 a6 10. Rc1 e5 11. Nb3 Re8 12. f3 Be6 13. Qd2 Qd7 14. Rfd1 Bf8 15. Na4 Qe7 16. Na5 Nh5 17. c5 Rad8 18. Nxc6 bxc6 19. cxd6 Rxd6 20. Qxd6 Qxd6 21. Rxd6 Bxd6 22. Rxc6 Be7 23. Bc4 Bxc4 24. Rxc4 Rd8 25. Nc3 Nf4 26. Bxf4 exf4 27. Nd5 Kf8 28. Rc6 a5 29. Nxe7 Kxe7 30. Rc2 h5 31. Kf2 Rd1 32. Ke2 Rg1 33. Kf2 Rd1 34. Ke2 Rg1 35. Kd3 g5 36. h3 Ke6 37. Kc4 f5 38. exf5+ Kxf5 39. Kb5 g4 40. hxg4+ hxg4 41. Kxa5 g3 42. b4 Rf1 43. Ka4 Ke5 44. Kb3 Kd4 45. b5 Re1 46. a4 Ke3 47. b6 Rb1+ 48. Rb2 Rxb2+ 49. Kxb2 Kf2 50. b7 Kxg2 51. b8Q Kxf3 52. Qb3+ Kg4 53. Qe6+ Kf3 54. Qd5+ Kf2 55. Qd4+ Kf3 56. Kc2 g2 57. Kd2 Kg3 58. Qg1 1-0

[Event "SVK-chT2A 1415"]
[Site "Slovakia"]
[Date "2014.10.12"]
[Round "2.5"]
[White "Puskar, Peter"]
[Black "Syrovy, Ivan"]
[Result "1/2-1/2"]
[WhiteElo "2051"]
[BlackElo "2017"]
[PlyCount "67"]
[EventDate "2014.10.11"]
[EventType "team-tourn"]
[EventRounds "11"]
[EventCountry "SVK"]
[SourceTitle "EXT 2016"]
[Source "ChessBase"]
[SourceDate "2015.10.08"]
[SourceVersion "1"]
[SourceVersionDate "2015.10.08"]
[SourceQuality "1"]
[WhiteTeam "Trnava Lokomotiva II"]
[BlackTeam "Pezinok"]
[WhiteTeamCountry "SVK"]
[BlackTeamCountry "SVK"]

1. d4 f5 2. g3 Nf6 3. Bg2 c6 4. Nf3 g6 5. 0-0 Bg7 6. c4 d5 7. Ne5 Nbd7 8. cxd5 Nxe5 9. dxe5 Nxd5 10. Bxd5 cxd5 11. Qd4 e6 12. Nc3 Bd7 13. b3 Qb6 14. Be3 Qxd4 15. Bxd4 b6 16. Rfc1 0-0 17. f4 Rfc8 18. Kf2 Bf8 19. a4 Bc5 20. Ke3 Rc7 21. Na2 Rac8 22. Rc3 Kf8 23. Rac1 Ke8 24. R1c2 Kd8 25. Nc1 Bb4 26. Rxc7 Rxc7 27. Rxc7 Kxc7 28. Nd3 Be7 29. Kd2 h6 30. e3 a5 31. Bc3 Kb7 32. Bd4 b5 33. Bc5 Bd8 34. Bf8 1/2-1/2

[Event "SVK-chT2A 1314"]
[Site "Slovakia"]
[Date "2014.02.22"]
[Round "8.6"]
[White "Mandak, Miroslav"]
[Black "Syrovy, Ivan"]
[Result "1-0"]
[WhiteElo "2008"]
[BlackElo "2029"]
[PlyCount "99"]
[EventDate "2013.10.19"]
[EventType "team-tourn"]
[EventRounds "11"]
[EventCountry "SVK"]
[SourceTitle "EXT 2015"]
[Source "ChessBase"]
[SourceDate "2014.11.20"]
[SourceVersion "1"]
[SourceVersionDate "2014.11.20"]
[SourceQuality "1"]
[WhiteTeam "Krasnany"]
[BlackTeam "Pezinok"]
[WhiteTeamCountry "SVK"]
[BlackTeamCountry "SVK"]

1. e4 c5 2. Nf3 g6 3. Bc4 Bg7 4. 0-0 Nc6 5. c3 e5 6. d3 Na5 7. Bd5 Ne7 8. b4 cxb4 9. cxb4 Nac6 10. Nc3 d6 11. Rb1 0-0 12. Bc4 Bg4 13. h3 Bxf3 14. Qxf3 Nd4 15. Qd1 a6 16. a4 Kh8 17. Be3 f5 18. Nd5 Rb8 19. Bg5 Re8 20. Nxe7 Rxe7 21. exf5 Nxf5 22. Bxe7 Qxe7 23. a5 Nd4 24. Qd2 Qh4 25. Bd5 Bh6 26. Qe1 Qh5 27. Kh2 g5 28. Qe4 Rf8 29. Qg4 Qg6 30. Rbc1 Qxd3 31. Rfd1 Qb5 32. Ba2 Rxf2 33. Rc8+ Bf8 34. Rxd4 exd4 35. Qxd4+ Qe5+ 36. Qxe5+ dxe5 37. Bd5 h5 38. Bf3 Kg8 39. Bxb7 Rb2 40. Bxa6 Rxb4 41. Bc4+ Kg7 42. Rc7+ Kg6 43. a6 e4 44. Rc6+ Kf5 45. a7 Ra4 46. Ra6 Bd6+ 47. g3 Rxc4 48. a8Q Rc2+ 49. Kh1 Rd2 50. Ra5+ 1-0

[Event "SVK-chT2A 10/11"]
[Site "Slovakia"]
[Date "2011.03.27"]
[Round "11.5"]
[White "Syrovy, Ivan"]
[Black "Mikulas, Dusan"]
[Result "1/2-1/2"]
[WhiteElo "2071"]
[BlackElo "2122"]
[PlyCount "30"]
[EventDate "2010.10.23"]
[EventType "team-tourn"]
[EventRounds "11"]
[EventCountry "SVK"]
[SourceTitle "EXT 2019"]
[Source "ChessBase"]
[SourceDate "2018.10.10"]
[SourceVersion "1"]
[SourceVersionDate "2018.10.10"]
[SourceQuality "1"]
[WhiteTeam "Pezinok KS"]
[BlackTeam "Bratislava Doprastav"]
[WhiteTeamCountry "SVK"]
[BlackTeamCountry "SVK"]

1. e4 e5 2. Nf3 Nc6 3. Bb5 a6 4. Ba4 Nf6 5. 0-0 Be7 6. Re1 b5 7. Bb3 0-0 8. a4 b4 9. c3 bxc3 10. bxc3 d6 11. d4 Bg4 12. d5 Nb8 13. h3 Bxf3 14. Qxf3 Nbd7 15. Be3 Re8 1/2-1/2

[Event "SVK-chT2A 0809"]
[Site "Slovakia"]
[Date "2008.12.07"]
[Round "6.6"]
[White "Syrovy, Ivan"]
[Black "Kolesar, Rastislav"]
[Result "1/2-1/2"]
[WhiteElo "2097"]
[BlackElo "1978"]
[PlyCount "53"]
[EventDate "2008.10.11"]
[EventType "team-tourn"]
[EventRounds "11"]
[EventCountry "SVK"]
[SourceTitle "EXT 2010"]
[Source "ChessBase"]
[SourceDate "2010.11.25"]
[SourceVersion "1"]
[SourceVersionDate "2010.11.25"]
[SourceQuality "1"]
[WhiteTeam "Pezinok KS"]
[BlackTeam "Dunajska Streda SK II"]
[WhiteTeamCountry "SVK"]
[BlackTeamCountry "SVK"]

1. e4 c6 2. d4 d5 3. Nd2 dxe4 4. Nxe4 Bf5 5. Ng3 Bg6 6. h4 h6 7. Nf3 Nd7 8. h5 Bh7 9. Bd3 Bxd3 10. Qxd3 e6 11. Bf4 Qa5+ 12. Bd2 Bb4 13. c3 Be7 14. c4 Qc7 15. 0-0-0 Ngf6 16. Kb1 0-0 17. Ne2 Ng4 18. Be3 Rfd8 19. Qc2 c5 20. Bf4 Qb6 21. Be3 Rac8 22. d5 exd5 23. cxd5 Nxe3 24. fxe3 c4 25. e4 Bf6 26. Nc3 Ne5 27. Nxe5 1/2-1/2

[Event "SVK-chT2A 0708"]
[Site "Slovakia"]
[Date "2008.03.09"]
[Round "11.5"]
[White "Syrovy, Ivan"]
[Black "Lobodas, Andrej"]
[Result "1-0"]
[WhiteElo "2097"]
[BlackElo "1938"]
[PlyCount "51"]
[EventDate "2007.10.06"]
[EventType "team-tourn"]
[EventRounds "11"]
[EventCountry "SVK"]
[SourceTitle "EXT 2010"]
[Source "ChessBase"]
[SourceDate "2010.11.25"]
[SourceVersion "1"]
[SourceVersionDate "2010.11.25"]
[SourceQuality "1"]
[WhiteTeam "Pezinok KS"]
[BlackTeam "Devinska Nova Ves"]
[WhiteTeamCountry "SVK"]
[BlackTeamCountry "SVK"]

1. e4 e6 2. d4 d5 3. Nd2 c5 4. exd5 Qxd5 5. Ngf3 Nc6 6. Bc4 Qh5 7. c3 cxd4 8. cxd4 Bd6 9. Ne4 Bc7 10. 0-0 Nge7 11. Ng3 Bxg3 12. hxg3 0-0 13. Qe2 Rd8 14. Rd1 Nd5 15. Bf4 b6 16. Rac1 Bb7 17. a3 Nxf4 18. gxf4 Ne7 19. Ne5 Qh4 20. Nxf7 Kxf7 21. Qxe6+ Ke8 22. Qf7+ Kd7 23. Bb5+ Kd6 24. Re1 Bd5 25. Qxg7 Ng6 26. Qc7# 1-0

[Event "SVK-chT2A 0708"]
[Site "Slovakia"]
[Date "2008.03.08"]
[Round "10.4"]
[White "Syrovy, Ivan"]
[Black "Todor, Razvan"]
[Result "0-1"]
[WhiteElo "2097"]
[BlackElo "2198"]
[PlyCount "76"]
[EventDate "2007.10.06"]
[EventType "team-tourn"]
[EventRounds "11"]
[EventCountry "SVK"]
[SourceTitle "EXT 2010"]
[Source "ChessBase"]
[SourceDate "2010.11.25"]
[SourceVersion "1"]
[SourceVersionDate "2010.11.25"]
[SourceQuality "1"]
[WhiteTeam "Pezinok KS"]
[BlackTeam "Bratislava Doprastav II"]
[WhiteTeamCountry "SVK"]
[BlackTeamCountry "SVK"]

1. e4 d5 2. exd5 Qxd5 3. Nc3 Qd6 4. Nf3 Nf6 5. d3 Bg4 6. Be2 Nc6 7. h3 Bh5 8. Bg5 h6 9. Bh4 Qb4 10. Bxf6 gxf6 11. Qd2 0-0-0 12. 0-0-0 f5 13. Ng1 Bxe2 14. Ngxe2 e5 15. Qe3 Bg7 16. Qf3 Ne7 17. g4 f4 18. Qe4 Qb6 19. f3 Qe6 20. Qa4 a6 21. Rhe1 h5 22. Ne4 hxg4 23. hxg4 f5 24. gxf5 Nxf5 25. Rh1 Qb6 26. N2c3 Qe3+ 27. Nd2 Rxh1 28. Rxh1 Nd4 29. Rf1 Bf8 30. Kd1 Nf5 31. Qe4 Qxe4 32. Ncxe4 Ne3+ 33. Ke2 Nxc2 34. Nc4 Nd4+ 35. Kf2 Nc6 36. Ke2 b5 37. Ncd2 Nb4 38. Nf2 Nxa2 0-1

[Event "SVK-chT2A 0708"]
[Site "Slovakia"]
[Date "2008.02.03"]
[Round "9.5"]
[White "Cibicek, Jozef"]
[Black "Syrovy, Ivan"]
[Result "0-1"]
[WhiteElo "1996"]
[BlackElo "2097"]
[PlyCount "90"]
[EventDate "2007.10.06"]
[EventType "team-tourn"]
[EventRounds "11"]
[EventCountry "SVK"]
[SourceTitle "EXT 2010"]
[Source "ChessBase"]
[SourceDate "2010.11.25"]
[SourceVersion "1"]
[SourceVersionDate "2010.11.25"]
[SourceQuality "1"]
[WhiteTeam "Bratislava Doprastav IV"]
[BlackTeam "Pezinok KS"]
[WhiteTeamCountry "SVK"]
[BlackTeamCountry "SVK"]

1. e4 e5 2. Nf3 d6 3. d4 Nd7 4. Bc4 c6 5. 0-0 Be7 6. Ng5 Bxg5 7. Qh5 Qf6 8. Bxg5 Qg6 9. Qxg6 hxg6 10. dxe5 dxe5 11. a4 Nc5 12. f3 Be6 13. Na3 Ne7 14. b4 Bxc4 15. Nxc4 Na6 16. Bxe7 Kxe7 17. Nxe5 Nxb4 18. Rab1 Ke6 19. Nxf7 Kxf7 20. Rxb4 b6 21. a5 b5 22. Rd1 Rhd8 23. Rbd4 Rxd4 24. Rxd4 Ke7 25. h4 Rb8 26. f4 b4 27. Rc4 Kd6 28. g3 c5 29. f5 gxf5 30. exf5 Kd5 31. Rf4 c4 32. Kh2 b3 33. cxb3 cxb3 34. Rf1 b2 35. Rb1 Ke4 36. f6 gxf6 37. Kg2 Kd3 38. Kf3 Kc2 39. Rxb2+ Rxb2 40. Kg4 Rb5 41. a6 Kd3 42. h5 Ke4 43. h6 Rg5+ 44. Kh4 Rg6 45. Kh5 Rxg3 0-1

[Event "SVK-chT2A 0708"]
[Site "Slovakia"]
[Date "2008.02.02"]
[Round "8.5"]
[White "Syrovy, Ivan"]
[Black "Flak, Juraj"]
[Result "0-1"]
[WhiteElo "2097"]
[BlackElo "2035"]
[PlyCount "86"]
[EventDate "2007.10.06"]
[EventType "team-tourn"]
[EventRounds "11"]
[EventCountry "SVK"]
[SourceTitle "EXT 2010"]
[Source "ChessBase"]
[SourceDate "2010.11.25"]
[SourceVersion "1"]
[SourceVersionDate "2010.11.25"]
[SourceQuality "1"]
[WhiteTeam "Pezinok KS"]
[BlackTeam "Bratislava Doprastav III"]
[WhiteTeamCountry "SVK"]
[BlackTeamCountry "SVK"]

1. e4 e5 2. Nf3 Nc6 3. Bb5 a6 4. Ba4 Nf6 5. 0-0 Be7 6. Re1 b5 7. Bb3 0-0 8. h3 d6 9. c3 Na5 10. Bc2 c5 11. d4 Qc7 12. Nbd2 cxd4 13. cxd4 Nc6 14. d5 Nb4 15. Bb1 a5 16. a3 Na6 17. Bd3 Bd7 18. Nf1 Nc5 19. b3 Nxd3 20. Qxd3 Rfc8 21. Bd2 Qc2 22. Qe3 a4 23. Rab1 axb3 24. Qxb3 Qxb3 25. Rxb3 Rc4 26. Ng3 Bd8 27. Bb4 Ba5 28. Nd2 Bxb4 29. axb4 Rc2 30. Ngf1 Raa2 31. Rd1 Nh5 32. f3 Nf4 33. Kf2 f5 34. g3 Nxh3+ 35. Ke1 Ng5 36. exf5 Bxf5 37. Ke2 e4 38. Ne3 exf3+ 39. Ke1 f2+ 40. Ke2 Bg4+ 41. Nxg4 Rxd2+ 42. Rxd2 Rxd2+ 43. Kf1 Ne4 0-1

[Event "SVK-chT1W 0506"]
[Site "Slovakia"]
[Date "2005.??.??"]
[Round "?"]
[White "Rachela, Jozef"]
[Black "Syrovy, Ivan"]
[Result "0-1"]
[WhiteElo "2065"]
[BlackElo "2080"]
[PlyCount "86"]
[EventDate "2005.10.15"]
[EventType "tourn"]
[EventRounds "11"]
[EventCountry "SVK"]
[SourceTitle "EXT 2008"]
[Source "ChessBase"]
[SourceDate "2007.11.25"]
[SourceVersion "1"]
[SourceVersionDate "2007.11.25"]
[SourceQuality "1"]

1. Nf3 d6 2. d4 c6 3. e4 Nd7 4. Bd3 e5 5. c3 Ngf6 6. Nbd2 Be7 7. 0-0 0-0 8. Re1 Qc7 9. Nf1 Re8 10. Ng3 Nf8 11. Bc4 Ne6 12. Nf5 b5 13. Bb3 a5 14. a4 b4 15. N3h4 Bf8 16. Nf3 c5 17. Bd5 Rb8 18. dxe5 dxe5 19. c4 Nd4 20. N3xd4 cxd4 21. Qf3 Nxd5 22. cxd5 Qc2 23. Ng3 Rb6 24. Qd1 b3 25. Nf1 Ba6 26. Bd2 Bb4 27. Bxb4 Rxb4 28. Qc1 Bxf1 29. Kxf1 d3 30. Qe3 d2 31. Red1 Rd4 32. Rab1 Rc8 33. f3 Rd3 34. Qb6 Qxb1 35. Rxb1 Rc1+ 36. Kf2 h6 37. Qb8+ Kh7 38. Qxe5 d1Q 39. Kg3 Qc2 40. Qe7 Rxb1 41. Qxf7 Qc8 42. e5 Rxb2 43. e6 Rxd5 0-1

[Event "SVK-chT1W 0506"]
[Site "Slovakia"]
[Date "2005.??.??"]
[Round "?"]
[White "Syrovy, Ivan"]
[Black "Krajnak, Robert"]
[Result "1-0"]
[WhiteElo "2080"]
[BlackElo "2085"]
[PlyCount "57"]
[EventDate "2005.10.15"]
[EventType "tourn"]
[EventRounds "11"]
[EventCountry "SVK"]
[SourceTitle "EXT 2008"]
[Source "ChessBase"]
[SourceDate "2007.11.25"]
[SourceVersion "1"]
[SourceVersionDate "2007.11.25"]
[SourceQuality "1"]

1. e4 c5 2. Nf3 e6 3. d4 cxd4 4. Nxd4 Nc6 5. Nc3 Qc7 6. Be2 a6 7. 0-0 Nxd4 8. Qxd4 Ne7 9. Be3 Nc6 10. Qb6 Qb8 11. f4 Bd6 12. Rad1 Bc7 13. Qb3 b5 14. e5 d5 15. exd6 Bxd6 16. Ne4 Be7 17. Qc3 Bb7 18. Qxg7 Rf8 19. Bh5 Nd8 20. Ng5 Qc7 21. Nxh7 Be4 22. Nxf8 Bxf8 23. Qe5 Qc6 24. Bf3 Bxf3 25. Rxf3 Qxc2 26. Qd4 Bc5 27. Qd7+ Kf8 28. Bxc5+ Qxc5+ 29. Qd4 1-0

[Event "SVK-chT1W 0203"]
[Site "Slovakia"]
[Date "2002.12.01"]
[Round "6.5"]
[White "Gajarsky, Roman"]
[Black "Syrovy, Ivan"]
[Result "0-1"]
[WhiteElo "2051"]
[BlackElo "2066"]
[PlyCount "84"]
[EventDate "2002.10.12"]
[EventType "tourn"]
[EventRounds "11"]
[EventCountry "SVK"]
[SourceTitle "EXT 2005"]
[Source "ChessBase"]
[SourceDate "2004.11.15"]
[SourceVersion "1"]
[SourceVersionDate "2004.11.15"]
[SourceQuality "1"]
[WhiteTeam "Hlohovec"]
[BlackTeam "Devinska Nova Ves"]
[WhiteTeamCountry "SVK"]
[BlackTeamCountry "SVK"]

1. e4 c6 2. d4 d5 3. e5 Bf5 4. Bd3 Bxd3 5. Qxd3 e6 6. Ne2 Qb6 7. b3 c5 8. c3 Nc6 9. 0-0 cxd4 10. cxd4 Nb4 11. Qd1 Ne7 12. Nd2 Rc8 13. Nf3 Nf5 14. Bg5 h6 15. Be3 Be7 16. Ng3 Nxe3 17. fxe3 0-0 18. Rf2 Rc3 19. Nf1 Rfc8 20. Ne1 Bg5 21. Qf3 Qc7 22. g3 Nc6 23. h4 Nxd4 24. Qg4 Bxe3 25. Nxe3 Qxe5 26. N1g2 Rxe3 27. Nxe3 Qxe3 28. Raf1 Nf5 29. Kh2 h5 30. Qf3 Rc3 31. Qf4 Qxg3+ 32. Qxg3 Nxg3 33. Rd1 Nf5 34. Rf4 d4 35. Rd2 g6 36. Re4 Ng3 37. Re1 Nf5 38. Re4 Kg7 39. Kg2 Kf6 40. Rf2 e5 41. Rd2 Ne3+ 42. Kf2 Kf5 0-1

[Event "SVK-chT1W 0203"]
[Site "Slovakia"]
[Date "2002.10.12"]
[Round "1.5"]
[White "Syrovy, Ivan"]
[Black "Hecht, Tomas"]
[Result "0-1"]
[WhiteElo "2066"]
[BlackElo "2050"]
[PlyCount "90"]
[EventDate "2002.10.12"]
[EventType "tourn"]
[EventRounds "11"]
[EventCountry "SVK"]
[SourceTitle "EXT 2005"]
[Source "ChessBase"]
[SourceDate "2004.11.15"]
[SourceVersion "1"]
[SourceVersionDate "2004.11.15"]
[SourceQuality "1"]
[WhiteTeam "Devinska Nova Ves"]
[BlackTeam "Bratislava DP "]
[WhiteTeamCountry "SVK"]
[BlackTeamCountry "SVK"]

1. e4 c5 2. Nf3 Nc6 3. Bc4 g6 4. 0-0 Bg7 5. c3 Nf6 6. e5 Ng4 7. Bxf7+ Kxf7 8. Ng5+ Kg8 9. Qxg4 Nxe5 10. Qg3 Nf7 11. d3 Bf6 12. Re1 d6 13. h4 Bf5 14. Nd2 Nxg5 15. hxg5 Be5 16. Qf3 Qd7 17. Nc4 Bg7 18. Qd5+ Kf8 19. Re3 Qc6 20. Qf3 Qxf3 21. Rxf3 Ke8 22. Bf4 b5 23. Nd2 Kd7 24. Ne4 c4 25. Re1 cxd3 26. Rxd3 Kc6 27. Rd2 Rhe8 28. f3 Rad8 29. a4 bxa4 30. Ra1 e5 31. Be3 d5 32. Ng3 d4 33. cxd4 exd4 34. Bf2 Kb5 35. Ne2 d3 36. Nc1 Be5 37. g4 Bf4 38. Rd1 Bxc1 39. Raxc1 Be6 40. Rc5+ Kb4 41. Rc3 Bc4 42. Be1 Rxe1+ 43. Rxe1 d2 44. Rxc4+ Kxc4 45. Rd1 Kd3 0-1